000 00458nam a2200181Ia 4500
001 24612
005 20260414151055.0
008 260414t2017||||xx |||||||||||||| ||spa||
041 _aESP
082 _a345.721
_bB141 V. 46
100 _aQuiroga León, Aníbal
_eAUT
245 0 _aArbitraje :
_bla naturaleza procesal del arbitraje
260 _c2017
300 _a203 páginas :
_c24 cm.
650 _aDER
654 _aCDE
942 _cLIB
_dJUS
_fJUS
_2ddc
_n
999 _c24612
_d24612